| 000 | 00000nam##2200000za#4500 |
| 001 | 9.569924 |
| 003 | CaOODSP |
| 005 | 20210624182010 |
| 007 | cr ||||||||||| |
| 008 | 150406|1993||||xxc|||||o f|0| 0 eng|d |
| 040 | |aCaOODSP|beng |
| 043 | |an-cn--- |
| 086 | 1 |aNH18-1-2/99-1993E-PDF |
| 110 | 2 |aCanada Mortgage and Housing Corporation. |
| 245 | 10|aAssessment of built projects for sustainable communities / |h[electronic resource]|cby William T. Perks and David R. Van Vliet. |
| 260 | |aOttawa - Ontario : |bCanada Mortgage and Housing Corporation |cSeptember 1993. |
| 300 | |a199p.|bfigs., references, tables, photographs |
| 490 | 1 |aResearch report |
| 546 | |a(Résumé en français.) |
| 590 | |a11-25-Supp|b2011-10-31 |
| 720 | 1 |aPerks, William T. |
| 720 | 1 |aVan Vliet, David R. |
| 830 | #0|aResearch report (Canada Mortgage and Housing Corporation : Online)|w(CaOODSP)9.506068 |
| 856 | 40|ahttp://publications.gc.ca|qPDF|s6.67 MB|uhttps://publications.gc.ca/collections/collection_2011/schl-cmhc/nh18-1-2/NH18-1-2-99-1993-eng.pdf |